Safety and health in the rubber and allied industries (Record no. 68380)

MARC details
000 -LEADER
fixed length control field 00318nam a2200121Ia 4500
100 ## - MAIN ENTRY--AUTHOR NAME
Personal name Wallace E J
245 #0 - TITLE STATEMENT
Title Safety and health in the rubber and allied industries
260 ## - PUBLICATION, DISTRIBUTION, ETC. (IMPRINT)
Name of publisher IRI Transactions
Year of publication 1934
300 ## - PHYSICAL DESCRIPTION
Number of Pages 49-65
650 ## - SUBJECT ADDED ENTRY--TOPICAL TERM
Topical Term Rubber industry
942 ## - ADDED ENTRY ELEMENTS (KOHA)
Koha item type Journals
Holdings
Withdrawn status Lost status Damaged status Not for loan Home library Current library Shelving location Date acquired Serial Enumeration / chronology Koha item type
      Journals RRII Library RRII Library Rubber chemistry 17/12/2021 Volume 10, Issue 1 Journals